000 00386nam a22001577a 4500
003 MPLRDC
005 20220104114644.0
008 210129b ||||| |||| 00| 0 eng d
082 _a592.76 WSZ
100 _a王世祯编著
245 _a中日间谍作战史
_c
260 _a
_b喜年来出版社
_c1984
300 _b
650 _a谍报; 战斗情报
942 _cBK
_o592.76 WSZ
999 _c9193
_d9183